Missing Word: 1980 Songs Quiz Stats

 Plays Quiz Updated Aug 11, 2016

Score 0/20 Timer 05:00
0 Plays Today
Song Title Missing Word % Correct
Another One ____ The DustBites
95.4%
Upside ___Down
94%
Keep On ____ YouLoving
86.1%
Hurt So ____Bad
82.3%
____ MeCall
79.9%
Ride ____ The WindLike
76.5%
It's ___ Rock and Roll to MeStill
68.5%
Biggest Part Of ____Me
68.1%
(Just Like) ____ OverStarting
64.9%
I Love A ____ NightRainy
64.6%
Song Title Missing Word % Correct
Coming ____Up
53.9%
I Can't Tell You ____Why
50.5%
____ The WallOff
41%
Steal ____Away
40.8%
Emotional ____Rescue
38.9%
____ In LoveWoman
32.8%
____ In LoveLost
27.3%
Let Me Love You ____Tonight
25.6%
Fire ____Lake
18.8%
Let's Get ____Serious
9.5%

Today's Daily Dose

Missing Word
Directed by Peter

Word Ladder
Blink-182

Quick Pick
Eagles Songs

Get the Picture
NFC West Profiles

You're not logged in!

Compare scores with friends on all Sporcle quizzes.
OR
Log In

Show Comments

Extras

Top Quizzes Today


Score Distribution

Your Account Isn't Verified!

In order to create a playlist on Sporcle, you need to verify the email address you used during registration. Go to your Sporcle Settings to finish the process.

Report this User

Report this user for behavior that violates our Community Guidelines.

Details: